Countries That Grow The Most Crops - Statistics

General Stats
  • This quiz has been taken 85 times
  • The average score is 27 of 30
Answer Stats
Crop Metric Tons Country % Correct
Wheat 2.4B China
100%
Rice 137M China
100%
Corn 277M China
100%
Potatoes 78.1M China
100%
Fruit 242M China
100%
Vegetables 616M China
100%
Wheat 1.1B United States
99%
Corn 382M United States
99%
Potatoes 18.7M United States
99%
Vegetables 27.1M United States
99%
Wheat 1.8B India
97%
Rice 110M India
97%
Potatoes 51.1M India
97%
Fruit 105M India
97%
Vegetables 145M India
97%
Corn 116M Brazil
95%
Fruit 39.7M Brazil
95%
Fruit 23.8M Mexico
92%
Wheat 1.2B Russia
92%
Potatoes 19.6M Russia
92%
Rice 54.6M Indonesia
81%
Corn 42.1M Ukraine
79%
Potatoes 20.8M Ukraine
79%
Corn 49.5M Argentina
78%
Wheat 767M France
77%
Rice 43.4M Vietnam
77%
Vegetables 17.8M Vietnam
77%
Rice 54.4M Bangladesh
62%
Fruit 24.1M Turkey
59%
Vegetables 26..2M Turkey
59%
No matching quizzes found
Score Distribution
Percent of People with Each Score
Percentile by Number Answered
Your Score History
You have not taken this quiz